000 00188nam a2200109Ia 4500
100 _a#N/A
942 _cBK
654 _axpsp2
245 _aWin XPSP2
260 _b#N/A
546 _aENGLISH
999 _c22541
_d22541